000 00436nam a2200169Ia 4500
008 131103s9999 xx 000 0 und d
040 _aLoreto College
041 _aEnglish
082 _a891.433/YAD
_bLCLIB/
100 _aYadav,Rajendra
245 _aKulta
_cRajendra Yadav
260 _aDelhi
_bHind Pocket Book Private Ltd.
_c[19 - ?]
300 _a126 p.
_c 18 cm
650 _aHindi - Fiction
850 _aLCLIB
942 _cBK
999 _c18773
_d69252